Biggest U.S. Cities West of the Mississippi River in 1860 with a Map - Statistics

General Stats
  • This quiz has been taken 257 times
  • The average score is 30 of 100
Answers on the Map
Answers color-coded by a green-red scale on the quiz's map according to % correct below.
 
Answer Stats
Population State /
Territory
City % Correct
56,802 CA San Francisco
96%
4,845 TX Houston
94%
4,385 CA Los Angeles
92%
2,874 OR Portland
92%
13,785 CA Sacramento
92%
160,773 MO St. Louis
92%
8,236 UT Salt Lake City
88%
4,749 CO Denver
87%
4,418 MO Kansas City
87%
8,235 TX San Antonio
87%
3,494 TX Austin
86%
4,635 NM Santa Fe
84%
3,965 IA Des Moines
80%
3,727 AR Little Rock
79%
3,420 CA San Jose
75%
2,564 MN Minneapolis
73%
7,307 TX Galveston
70%
1,543 CA Oakland
69%
2,030 UT Provo
66%
1,883 NE Omaha
64%
2,190 LA Shreveport
64%
3,082 MO Jefferson City
63%
2,734 TX Brownsville
55%
1,464 UT Ogden
54%
1,830 IA Cedar Rapids
52%
11,267 IA Davenport
52%
5,214 IA Iowa City
52%
2,351 CA Santa Barbara
51%
3,679 CA Stockton
49%
13,000 IA Dubuque
44%
1,424 MN Rochester
42%
3,164 MO Independence
40%
1,395 IA Independence
40%
8,932 MO St. Joseph
40%
2,062 CA Columbia
38%
1,414 MO Columbia
38%
1,532 AR Fort Smith
34%
1,461 LA Alexandria
28%
2,663 MO Cape Girardeau
27%
1,645 KS Lawrence
25%
1,740 TX New Braunfels
25%
2,011 IA Council Bluffs
23%
1,612 NM Fernando de Taos
22%
3,239 MO St. Charles
22%
1,986 TX Victoria
20%
6,505 MO Hannibal
19%
1,396 AR Pine Bluff
19%
2,345 NV Virginia City
17%
7,429 KS Leavenworth
16%
2,464 MN Winona
16%
6,706 IA Burlington
13%
1,632 IA Ottumwa
12%
1,411 TX Marshall
11%
1,300 LA Natchitoches
11%
1,327 CA Yreka
11%
8,136 IA Keokuk
10%
5,324 IA Muscatine
10%
1,551 AR Helena
9%
1,922 NE Nebraska City
9%
2,744 CA Nevada City
7%
2,466 CA Placerville
7%
2,616 KS Atchison
6%
2,886 IA Fort Madison
6%
1,938 TX Palestine
6%
5,816 LA Algiers
5%
2,219 AR Camden
5%
1,672 IA Fairfield
5%
4,122 MO Lexington
5%
1,367 IA Marion
5%
4,740 CA Marysville
5%
4,393 IA Oskaloosa
4%
1,380 LA Thibodaux
4%
3,358 CA Grass Valley
3%
1,653 MN Hastings
3%
1,281 MO La Grange
3%
1,288 MO Liberty
3%
2,420 NM Mesilla
3%
1,617 IA Newton
3%
2,429 CA Oroville
3%
1,999 MO Palmyra
3%
1,960 CA Sonora
3%
1,300 NM Zuni Pueblo
3%
2,596 MO Boonville
2%
1,496 MO Canton
2%
1,475 LA Donaldsonville
2%
1,300 CA Georgetown
2%
2,436 MO Louisiana
2%
3,530 IA Mount Pleasant
2%
1,644 IA Pella
2%
1,663 LA Plaquemine
2%
1,357 UT Springville
2%
1,810 MO Weston
2%
3,993 MO Carondelet
1%
1,640 NM El Rancho
1%
1,451 LA Homer
1%
1,448 IA LeClaire
1%
1,989 IA McGregor
1%
1,300 CA Michigan Bluff
1%
1,400 CA Mokelumne Hill
1%
1,514 NM Llano
0%
No matching quizzes found
Score Distribution
Percent of People with Each Score
Percentile by Number Answered
Your Score History
You have not taken this quiz